| 000 | 00396nam a2200133Ia 4500 | ||
|---|---|---|---|
| 005 | 20260328104334.0 | ||
| 008 | 260328s9999||||xx |||||||||||||| ||und|| | ||
| 100 | _aCosse, Carolina | ||
| 245 | 0 |
_aModelo Abierto : _b Experiencias Públicas en la transFormación del Antiguo Mercado de Montevideo / _cCarolina Cosse |
|
| 260 | _bIndencia MO | ||
| 300 | _a263 p. | ||
| 650 | _aMERCADO | ||
| 942 | _cBK | ||
| 999 |
_c11809 _d11809 |
||